Loading...
Social Science | 0 | 5 | 0 | 0 | 50 | 100 | 122.40 | 0 | 3 |
Philosophy | 0 | 4 | 0 | 2 | 40 | 87 | 115.00 | 0 | 1 |
Beliefs | 0 | 4 | 1 | 0 | 35 | 96 | 123.25 | 2 | 2 |
Fine Arts - Visual Fine Arts | 0 | 3 | 0 | 1 | 30 | 135 | 144.33 | 0 | 0 |
History - World History | 0 | 3 | 1 | 1 | 25 | 104 | 125.67 | 0 | 2 |
History - US History | 0 | 2 | 0 | 0 | 20 | 87 | 97.50 | 1 | 2 |
Fine Arts - Classical Music and Opera | 0 | 2 | 0 | 1 | 20 | 156 | 162.50 | 0 | 1 |
Geography | 0 | 2 | 0 | 1 | 20 | 138 | 142.00 | 0 | 0 |
Literature - World Literature | 0 | 2 | 0 | 1 | 20 | 104 | 121.50 | 0 | 1 |
Science - Other Science | 0 | 2 | 0 | 1 | 20 | 140 | 141.00 | 0 | 0 |
Modern World | 1 | 0 | 0 | 0 | 15 | 59 | 59.00 | 1 | 1 |
Science - Physics | 0 | 1 | 0 | 0 | 10 | 130 | 130.00 | 0 | 0 |
Literature - British Literature | 0 | 1 | 0 | 0 | 10 | 153 | 153.00 | 0 | 0 |
Fine Arts - Other Fine Arts | 0 | 1 | 0 | 1 | 10 | 181 | 181.00 | 0 | 0 |
Science - Biology | 0 | 1 | 0 | 0 | 10 | 110 | 110.00 | 0 | 0 |
History - Other History | 0 | 1 | 0 | 0 | 10 | 86 | 86.00 | 0 | 0 |
Literature - American Literature | 0 | 1 | 1 | 1 | 5 | 137 | 137.00 | 0 | 0 |
Literature - European Literature | 0 | 1 | 1 | 0 | 5 | 129 | 129.00 | 0 | 0 |
Other Academic | 0 | 1 | 1 | 0 | 5 | 145 | 145.00 | 0 | 0 |
History - European History | 0 | 0 | 1 | 0 | -5 | 0.00 | 0 | 0 |